000 00574nam a2200181 i 4500
001 25627
003 ES-MaACL
005 20251004063051.0
007 t|
008 021227s1953 sp ||||1| spa d
100 1 _aArco y Garay, Ricardo del,
_d1888-1955
_922507
245 1 0 _aTemas aragoneses /
_cRicardo del Arco y Garay ; prólogo de Ramón Celma Bernal.
260 _aZaragoza :
_bNoticiero,
_c1953.
300 _a245 p. :
_bretr. aut. ;
_c25 cm.
700 1 _aCelma Bernal, Ramón.
_937373
852 _aES-MaACL
_jC-6600
_bR.35489
999 _c25627
_d25627